000 00865nam a22002297a 4500
005 20150124123228.0
008 120221t sp||||| |||| 00| 0 spa d
020 _a842521923X
050 0 4 _aTR660
_bM33 2003
100 1 _aMacLean, Alex S.
245 1 3 _aLa fotografía del territorio
_c/ Alex S. MacLean ; dirección Dominique Carré ; traductor Carmen Artal, Isabel Núñez, Emilia Pérez Mata
250 _a1a ed.
260 _aEspaña :
_bGG Gustavo Gili,
_c2003
300 _a367 p. .
_bil. ;
_c25 cm.
504 _aIncluye bibliografías
650 7 _2LEMB.
_aFotografías aéreas
_bAerofotografía
_xFotos aéreas
700 1 _aCarré, Dominique.,
_edir.
700 1 _aArtal, Carmen.,
_etr.
700 1 _aNúñez, Isabel.,
_etr.
700 1 _aPérez Mata, Emilia.,
_etr.
942 _2ddc
_cLIB
999 _c29291
_d29291